Detalles MARC
| 000 -CABECERA |
| campo de control de longitud fija |
01133nam a2200229 a 4500 |
| 001 - NÚMERO DE CONTROL |
| campo de control |
000034965 |
| 005 - FECHA Y HORA DE LA ÚLTIMA TRANSACCIÓN |
| campo de control |
20240411074013.0 |
| 008 - DATOS DE LONGITUD FIJA--INFORMACIÓN GENERAL |
| campo de control de longitud fija |
111024s1992 ck 000 f spa d |
| 020 ## - NÚMERO INTERNACIONAL ESTÁNDAR DEL LIBRO |
| Número Internacional Estándar del Libro |
9580600074 |
| 040 ## - FUENTE DE LA CATALOGACIÓN |
| Centro catalogador/agencia de origen |
DO-SdBNP |
| Lengua de catalogación |
spa |
| Centro/agencia transcriptor |
BNPHU |
| 082 ## - NÚMERO DE LA CLASIFICACIÓN DECIMAL DEWEY |
| Número de clasificación |
Co863.44 |
| Número de documento/Ítem |
G216d |
| 049 ## - FONDOS LOCALES (OCLC) |
| Fondos de biblioteca |
BNGR |
| 100 1# - ENTRADA PRINCIPAL--NOMBRE DE PERSONA |
| Nombre de persona |
García Márquez, Gabriel, |
| Numeración |
1928-2014 |
| Fechas asociadas al nombre |
1928- |
| 9 (RLIN) |
1804 |
| 245 10 - MENCIÓN DE TÍTULO |
| Título |
Doce cuentos peregrinos / |
| Mención de responsabilidad, etc. |
Gabriel García Márquez. |
| 260 ## - PUBLICACIÓN, DISTRIBUCIÓN, ETC. |
| Lugar de publicación, distribución, etc. |
Bogotá : |
| Nombre del editor, distribuidor, etc. |
Oveja Negra, |
| Fecha de publicación, distribución, etc. |
1992. |
| 300 ## - DESCRIPCIÓN FÍSICA |
| Extensión |
226 p. ; |
| Dimensiones |
22 cm. |
| 505 0# - NOTA DE CONTENIDO CON FORMATO |
| Nota de contenido con formato |
Porqué doce, porqué cuentos y porqué peregrinos -- |
| Título |
Buen viaje, señor presidente -- |
| -- |
La santa -- |
| -- |
El avión de la bella durmiente. -- |
| -- |
Me alguilo para soñar -- |
| -- |
Sólo vine a hablar por teléfono -- |
| -- |
Espantos de agosto -- |
| -- |
María dos Prazeres -- |
| -- |
Diecisiete ingleses envenenados -- |
| -- |
Tramontana -- |
| -- |
El verano feliz de la señora Forbes -- |
| -- |
La luz es como el agua -- |
| -- |
El rastro de tu sangre en la nieve. |
| 590 ## - NOTA LOCAL (RLIN) |
| Nota local |
Perteneció a la biblioteca personal de Juan Isidro Jimenes Grullón |
| 650 #0 - PUNTO DE ACCESO ADICIONAL DE MATERIA--TÉRMINO DE MATERIA |
| Término de materia o nombre geográfico como elemento de entrada |
Cuentos dominicanos |
| 9 (RLIN) |
176 |
| 650 #4 - PUNTO DE ACCESO ADICIONAL DE MATERIA--TÉRMINO DE MATERIA |
| Término de materia o nombre geográfico como elemento de entrada |
Literatura colombiana |
| 9 (RLIN) |
1244 |
| 910 ## - DATOS DE OPCIÓN DEL USUARIO (OCLC) |
| Datos de opción del usuario |
Validado. Control de calidad MFF |